Normal view
MARC view
- Crowell, Thomas Lee .
Entry Personal Name
001 - CONTROL NUMBER
- control field: 1488
003 - CONTROL NUMBER IDENTIFIER
- control field: OSt
005 - DATE AND TIME OF LATEST TRANSACTION
- control field: 20160924145149.0
008 - FIXED-LENGTH DATA ELEMENTS
- fixed length control field: 160924|| aca||aabn | a|a d
040 ## - CATALOGING SOURCE
- Original cataloging agency: OSt
- Transcribing agency: OSt
100 ## - HEADING--PERSONAL NAME
- Personal name: Crowell, Thomas Lee .
670 ## - SOURCE DATA FOUND
- Source citation: Work cat.: (OSt)10165: Crowell, Thomas Lee ., Glossary of Phrases with Preposotions / , 1965.
